01818nam a2200409 a 4500001001000000003000500010005001700015008004100032010001100073011001100084040000900095090001000104100004500114245015600159260004100315500006000356502011000416590004100526590004100567590004100608590004100649590004100690590004000731590004000771590004000811590004000851650002800891650005400919650004700973856007001020901000701090942001001097942000601107999001901113952014001132952013601272000113079CHAP20220329144337.0170417s2016 mx a fsm |||||||spa d a109540 a110512 cCHAP aTesis1 aRivera Amaro, Viridiana Stephany913191810aEtiología de la roña de la espiga en trigo (Triticum eastivum L.) en Valles Altos de México /h[En línea]cpor Viridiana Stephany Rivera Amaro. aChapingo, Méx. :bEl autor,c2016. aPara ver el contenido del material haga clic en la liga aTesis (Ing. Agr. Esp. en Parasitología Agrícola ) -- UACH. Departamento de Parasitología Agrícola aE11695DGDb10c20170418lUCH01h0947 aE11695DGDb10c20170418lUCH01h0949 aE11695DGDb10c20170418lUCH01h0951 aE11695DGDb10c20170418lUCH01h0957 aE11695DGDb10c20170727lUCH01h1009 aE8697GMMb05c20170417lUCH01h1010 aE8697GMMb05c20170417lUCH01h1300 aE8697GMMb05c20170418lUCH01h0907 aE8697GMMb05c20170418lUCH01h091414aRoya del trigo.910039014aTrigoxEnfermedad es por hongosxControl.917563314aTrigoxResistencia a enfermedades.9115093 aFinding aiduhttp://10.13.5.2/tesis/sist113079.pdfzTeclea aquí aBK cTESIS n0 c109540d109540 00102local4053708TESISaBCbBCcPA_TESISd2017-04-17fTESISl0oTesisp33724002529207r2019-12-31 00:00:00tc.2w2019-12-31yTESIS 00104054718TESISaBCbBCd2017-04-17fTESISl0oTesisp33724002529248r2019-12-31 00:00:00w2019-12-31yTESISzRecien adquirido